Análisis de los tanques elevados de concreto de la Ciudad de Puntarenas
Guardat en:
| Autor principal: | |
|---|---|
| Format: | Desconegut |
| Publicat: |
[San José, Costa Rica]
1980
|
| Matèries: | |
| Etiquetes: |
Afegir etiqueta
Sense etiquetes, Sigues el primer a etiquetar aquest registre!
|
MARC
| LEADER | 00000 a2200000 4500 | ||
|---|---|---|---|
| 003 | 001251 | ||
| 005 | 20221231143740.0 | ||
| 008 | 140114s1980 cr a m 000 ||s d | ||
| 040 | |c cru CEDI | ||
| 090 | |a TFG 959 | ||
| 100 | |a Ruiz Méndez, Alvaro |9 16005 | ||
| 245 | |a Análisis de los tanques elevados de concreto de la Ciudad de Puntarenas | ||
| 260 | |c 1980 |a [San José, Costa Rica] | ||
| 300 | |a iii, 71 hojas : ilustraciones ; 28 cm | ||
| 500 | |a Tesis (ingenieria civil)--Universidad de Costa Rica. | ||
| 650 | |x SISMOLOGIA |x PUNTARENAS (COSTA RICA) |x DEPOSITOS PARA AGUA |9 16006 | ||
| 942 | |c TFG | ||
| 999 | |c 11229 |d 11229 | ||
